| 000 | 00396nam a2200157Ia 4500 | ||
|---|---|---|---|
| 005 | 20250423095322.0 | ||
| 008 | 250422s9999 xx 000 0 und d | ||
| 020 | _a9780367636005 | ||
| 050 | _aRC 952 .B75/ | ||
| 100 | _aTommy Boone | ||
| 245 | 0 | _aExercise Medicine for the Frailty Syndrome | |
| 260 | _c2023 | ||
| 300 | _axi, 141p.: ill. | ||
| 650 | _aGeriatrics. Gerontology. | ||
| 942 | _cBK | ||
| 999 |
_c29911 _d29911 |
||